<?xml version='1.0' encoding='UTF-8'?>
  <record xmlns="http://www.loc.gov/MARC21/slim">
    <leader>00000cam a2200000   4500</leader>
    <controlfield tag="001">ocm09421264</controlfield>
    <controlfield tag="003">OCoLC</controlfield>
    <controlfield tag="005">20251023050531.5</controlfield>
    <controlfield tag="008">830418s1930    ne       bm   000 0 lat d</controlfield>
    <datafield tag="040" ind1=" " ind2=" ">
      <subfield code="a">CIN</subfield>
      <subfield code="b">eng</subfield>
      <subfield code="c">CIN</subfield>
      <subfield code="d">OCLCG</subfield>
      <subfield code="d">PAU</subfield>
      <subfield code="d">OL$</subfield>
      <subfield code="d">OCLCQ</subfield>
      <subfield code="d">OCLCA</subfield>
      <subfield code="d">OCLCQ</subfield>
      <subfield code="d">OCLCF</subfield>
      <subfield code="d">CNUTO</subfield>
      <subfield code="d">UEJ</subfield>
      <subfield code="d">MUX</subfield>
      <subfield code="d">OCLCQ</subfield>
      <subfield code="d">OCLCO</subfield>
      <subfield code="d">OCL</subfield>
      <subfield code="d">IL4J6</subfield>
      <subfield code="d">CGU</subfield>
      <subfield code="d">OCLCQ</subfield>
      <subfield code="d">OCLCO</subfield>
      <subfield code="d">OCLCQ</subfield>
      <subfield code="d">OCLCO</subfield>
      <subfield code="d">OCLCL</subfield>
      <subfield code="d">OCLCQ</subfield>
    </datafield>
    <datafield tag="019" ind1=" " ind2=" ">
      <subfield code="a">187469440</subfield>
      <subfield code="a">976913816</subfield>
      <subfield code="a">1000995779</subfield>
      <subfield code="a">1027324706</subfield>
    </datafield>
    <datafield tag="029" ind1="1" ind2=" ">
      <subfield code="a">DEBSZ</subfield>
      <subfield code="b">003660427</subfield>
    </datafield>
    <datafield tag="029" ind1="1" ind2=" ">
      <subfield code="a">NLGGC</subfield>
      <subfield code="b">051226030</subfield>
    </datafield>
    <datafield tag="035" ind1=" " ind2=" ">
      <subfield code="a">(OCoLC)9421264</subfield>
      <subfield code="z">(OCoLC)187469440</subfield>
      <subfield code="z">(OCoLC)976913816</subfield>
      <subfield code="z">(OCoLC)1000995779</subfield>
      <subfield code="z">(OCoLC)1027324706</subfield>
    </datafield>
    <datafield tag="050" ind1=" " ind2="4">
      <subfield code="a">PA6794</subfield>
      <subfield code="b">.D3</subfield>
    </datafield>
    <datafield tag="082" ind1="0" ind2="4">
      <subfield code="a">874 (VAR) A305</subfield>
    </datafield>
    <datafield tag="100" ind1="1" ind2=" ">
      <subfield code="a">Dam, Rudolphus Janus,</subfield>
      <subfield code="d">-1945.</subfield>
      <subfield code="1">https://id.oclc.org/worldcat/entity/E39PBJbMc4HCX9pxWmHf94GPwC</subfield>
    </datafield>
    <datafield tag="245" ind1="1" ind2="0">
      <subfield code="a">De analogia;</subfield>
      <subfield code="b">observationes in Varronem grammaticamque romanorum ...</subfield>
      <subfield code="c">submittet Rudolphus Janus Dam ...</subfield>
    </datafield>
    <datafield tag="260" ind1=" " ind2=" ">
      <subfield code="a">Campis,</subfield>
      <subfield code="b">apud J.H. Kok,</subfield>
      <subfield code="c">1930.</subfield>
    </datafield>
    <datafield tag="300" ind1=" " ind2=" ">
      <subfield code="a">150 pages, 2 leaves</subfield>
      <subfield code="c">24 cm</subfield>
    </datafield>
    <datafield tag="336" ind1=" " ind2=" ">
      <subfield code="a">text</subfield>
      <subfield code="b">txt</subfield>
      <subfield code="2">rdacontent</subfield>
    </datafield>
    <datafield tag="337" ind1=" " ind2=" ">
      <subfield code="a">unmediated</subfield>
      <subfield code="b">n</subfield>
      <subfield code="2">rdamedia</subfield>
    </datafield>
    <datafield tag="338" ind1=" " ind2=" ">
      <subfield code="a">volume</subfield>
      <subfield code="b">nc</subfield>
      <subfield code="2">rdacarrier</subfield>
    </datafield>
    <datafield tag="502" ind1=" " ind2=" ">
      <subfield code="a">Proefschrift--Utrecht.</subfield>
    </datafield>
    <datafield tag="504" ind1=" " ind2=" ">
      <subfield code="a">Includes bibliographical references.</subfield>
    </datafield>
    <datafield tag="600" ind1="1" ind2="0">
      <subfield code="a">Varro, Marcus Terentius.</subfield>
    </datafield>
    <datafield tag="600" ind1="1" ind2="7">
      <subfield code="a">Varro, Marcus Terentius</subfield>
      <subfield code="2">fast</subfield>
      <subfield code="1">https://id.oclc.org/worldcat/entity/E39PBJqQvHkfR7wpDXmhB9FxjC</subfield>
    </datafield>
    <datafield tag="600" ind1="1" ind2="7">
      <subfield code="a">Varro, Marcus Terentius.</subfield>
      <subfield code="t">De lingua Latina.</subfield>
      <subfield code="2">nli</subfield>
    </datafield>
    <datafield tag="600" ind1="1" ind2="7">
      <subfield code="a">Varro, Marcus Terentius</subfield>
      <subfield code="x">Language.</subfield>
      <subfield code="2">nli</subfield>
    </datafield>
    <datafield tag="650" ind1=" " ind2="7">
      <subfield code="a">Latin language</subfield>
      <subfield code="x">Grammar.</subfield>
      <subfield code="2">nli</subfield>
    </datafield>
    <datafield tag="655" ind1=" " ind2="7">
      <subfield code="a">dissertations.</subfield>
      <subfield code="2">aat</subfield>
    </datafield>
    <datafield tag="655" ind1=" " ind2="7">
      <subfield code="a">Academic theses</subfield>
      <subfield code="2">fast</subfield>
    </datafield>
    <datafield tag="655" ind1=" " ind2="7">
      <subfield code="a">Academic theses.</subfield>
      <subfield code="2">lcgft</subfield>
    </datafield>
    <datafield tag="655" ind1=" " ind2="7">
      <subfield code="a">Thèses et écrits académiques.</subfield>
      <subfield code="2">rvmgf</subfield>
    </datafield>
    <datafield tag="776" ind1="0" ind2="8">
      <subfield code="i">Online version:</subfield>
      <subfield code="a">Dam, Rudolphus Janus, -1945.</subfield>
      <subfield code="t">De analogia.</subfield>
      <subfield code="d">Campis, apud J.H. Kok, 1930</subfield>
      <subfield code="w">(OCoLC)609872154</subfield>
    </datafield>
  </record>